000 00698cam a22002531 4500
001 29112
003 BD-RjUL
005 20211209051356.0
008 140402r19541939nyu 001 0 eng
035 _a(BD-RjUL)
040 _aDLC
_cWa
_dDLC
_dBD-RjUL
_beng
041 _aeng
082 0 0 _a131.3462
_bHON 1954
100 1 _aHorney, Karen,
_d1885-1952.
_93741
245 1 0 _aNew ways in psychoanalysis /
_c[by] Karen Horney, M.D.
250 _a1st ed.
260 _aNew York :
_bW. W. Norton,
_cc1939 [impression 1954]
300 _a313 p. ;
_c22 cm.
504 _aIncludes index.
650 0 _aPsychoanalysis.
_988897
942 _2ddc
_cBK
999 _c29112
_d29112